000 00716cam5a220021700 4500
001 tmp15778305
003 UPRA
005 20190822105432.0
008 951026s1947 sa eng u
035 _a(Sirsi) r93616
035 _a(UPRA)tmp15778305
040 _cUPRA
100 1 _aStockley, G. M. (Gordon Murray)
_qStockley, G. M. (Gordon Murray)
_6A52385.1
245 1 0 _aReport on the geology of Basutoland.
260 _a[Marija :
_bMorija Printing Works],
_c1947.
500 _a"Publ. by the authority of the Basutoland Government."
650 0 _aGeology -- Lesotho.
_zGeology -- Lesotho.
_6S40975.1
710 1 _aBasutoland.
_6A52386.1
949 _a(O2)1947/1
_wlcc
_mMAIN
_tBOOK
_lON-SHELF
004 93616
999 _c131220
_d131220